Normal view
MARC view
- علم نفس تربوي-أطفال معوقون-تقييم
Entry Topical Term
001 - CONTROL NUMBER
- control field: 36695
003 - CONTROL NUMBER IDENTIFIER
- control field: JO-AjAnu
005 - DATE AND TIME OF LATEST TRANSACTION
- control field: 20230606080126.0
008 - FIXED-LENGTH DATA ELEMENTS
- fixed length control field: 230606|| aca||aabn | a|a d
040 ## - CATALOGING SOURCE
- Original cataloging agency: JO-AjAnu
- Transcribing agency: JO-AjAnu
150 ## - HEADING--TOPICAL TERM
- Topical term or geographic name entry element: علم نفس تربوي-أطفال معوقون-تقييم
670 ## - SOURCE DATA FOUND
- Source citation: Work cat.: (JO-AjAnu)18836: أحمد، لطفي بركات مؤلف/جرجس، عوض فرج م.مشارك/الكومي، محمود عويس م.مشارك, author 36694, المرجع في التربية الفكرية